000 01241ngm a22003130a 4500
001 PT40542
003 AR-LpoUNG
005 20210201235903.0
007 vd cvaizq
008 191001s2010||||ag |||||||||||||||||eng d
040 _aAR-LpoUNG
_bspa
_cAR-LpoUNG
_eaacr
041 _aeng
044 _aag
082 0 _a808.068.8 947ali
100 1 _aBurton, Tim
_edir.
245 1 0 _aAlicia en el país de las maravillas
260 _aBuenos Aires :
_bWalt Disney,
_c2010.
300 _aDVD (105 min.) : son., col.
505 0 _aHecha en 2010. - Elenco: Johnny Deep. - Doblada en: español y portugués. - Subtitulos en español y portugués
520 _aAlicia es una chica de 19 años que regresa al mundo mágico donde se adentró siendo una niña para reunirse con sus antiguos amigos: el Conejo Blanco, Tweedledee y Tweedledum, the Dormouse, the Caterpillar, el gato de Cheshire, y por supuesto, el Sombrerero Loco. Alicia se embarca en un viaje fantástico para encontrar su verdadero destino y poner fin al reinado de Terror de la Reina Roja
653 _aANIMACION
653 _aAVENTURA
653 _aDVD
653 _aFANTASIA
653 _aVIDEOS
653 _aVIDEOS INFANTILES
905 _a40542
942 _cDVD
999 _c53708
_d53708